[Event "Sabadell op 1st"]
[Site "Sabadell"]
[Date "2008.07.15"]
[Round "3"]
[White "Munoz Pantoja, Miguel Angel"]
[Black "Alcazar Pascual, Lluis"]
[Result "1-0"]
[WhiteElo "2499"]
[BlackElo "1991"]
[PlyCount "53"]
[EventDate "2008.07.13"]
[EventType "swiss"]
[EventRounds "9"]
[EventCountry "ESP"]
[SourceTitle "EXT 2009"]
[Source "ChessBase"]
[SourceDate "2008.11.26"]
[SourceVersion "1"]
[SourceVersionDate "2008.11.26"]
[SourceQuality "1"]

1. e4 d5 2. exd5 Qxd5 3. d4 g6 4. Nf3 Bg7 5. Be2 Nh6 6. Bf4 c6 7. Qd2 Nf5 8. Nc3 Qa5 9. Be5 Nd7 10. Bxg7 Nxg7 11. 0-0-0 Nf6 12. Kb1 Be6 13. a3 0-0-0 14. h3 Nd5 15. Nxd5 Qxd5 16. c4 Qd6 17. Qc3 f6 18. d5 Bf7 19. Nd4 c5 20. Nb5 Qb8 21. Bg4+ Nf5 22. Rhe1 Rhe8 23. Qf3 e6 24. dxe6 Bxe6 25. Rxd8+ Kxd8 26. Qc3 Nd4 27. Nxd4 1-0

[Event "Sabadell op 1st"]
[Site "Sabadell"]
[Date "2008.07.14"]
[Round "2"]
[White "Almeida Quintana, Omar"]
[Black "Alcazar Pascual, Lluis"]
[Result "1-0"]
[WhiteElo "2524"]
[BlackElo "1991"]
[PlyCount "54"]
[EventDate "2008.07.13"]
[EventType "swiss"]
[EventRounds "9"]
[EventCountry "ESP"]
[SourceTitle "EXT 2009"]
[Source "ChessBase"]
[SourceDate "2008.11.26"]
[SourceVersion "1"]
[SourceVersionDate "2008.11.26"]
[SourceQuality "1"]

1. d4 d6 2. Nf3 Bg4 3. c4 Nd7 4. Qb3 Rb8 5. h3 Bh5 6. Nc3 c6 7. Be3 Bxf3 8. exf3 g6 9. d5 c5 10. f4 Nh6 11. g4 Bg7 12. Be2 Qa5 13. 0-0 0-0 14. Bd2 Qd8 15. f5 Kh8 16. fxg6 fxg6 17. Ne4 Nf7 18. Bc3 Nf6 19. Ng3 Ng5 20. f4 Nge4 21. Nxe4 Nxe4 22. Bxg7+ Kxg7 23. g5 e5 24. dxe6 Nxg5 25. Qc3+ Kg8 26. fxg5 Qxg5+ 27. Kh2 Ra8 1-0

[Event "Castellar op 16th"]
[Site "Castellar"]
[Date "2007.07.23"]
[Round "8"]
[White "Alcazar Pascual, Lluis"]
[Black "Rios Parra, Alejandro"]
[Result "0-1"]
[WhiteElo "1975"]
[BlackElo "2341"]
[PlyCount "74"]
[EventDate "2007.07.13"]
[EventType "swiss"]
[EventRounds "9"]
[EventCountry "ESP"]
[SourceTitle "CBM 119 Extra"]
[Source "ChessBase"]
[SourceDate "2007.09.04"]
[SourceVersion "1"]
[SourceVersionDate "2007.09.04"]
[SourceQuality "1"]

1. d4 Nf6 2. Nc3 d5 3. Bg5 e6 4. e4 dxe4 5. Nxe4 Nbd7 6. Nf3 Be7 7. Bxf6 Nxf6 8. Nxf6+ Bxf6 9. c3 0-0 10. Bd3 Qd5 11. Qc2 h6 12. 0-0 c5 13. Bh7+ Kh8 14. Be4 Qd6 15. Rad1 Rb8 16. Qa4 a6 17. Qc4 b6 18. Rfe1 Qc7 19. b4 Bb7 20. d5 exd5 21. Bxd5 Rfc8 22. a3 cxb4 23. Qxc7 Rxc7 24. cxb4 Rc3 25. a4 Bxd5 26. Rxd5 Ra3 27. h3 Rxa4 28. Ne5 Bxe5 29. Rexe5 Rxb4 30. Rd7 Kg8 31. Ree7 Rf4 32. f3 a5 33. Kf2 Rf6 34. Ra7 Rc8 35. Re2 Rc4 36. Rb2 Rfc6 37. Rb5 Rc2+ 0-1

[Event "Castellar op 16th"]
[Site "Castellar"]
[Date "2007.07.17"]
[Round "2"]
[White "Alcazar Pascual, Lluis"]
[Black "Gonzalez Rodriguez, Jorge Armando"]
[Result "0-1"]
[WhiteElo "1975"]
[BlackElo "2430"]
[PlyCount "128"]
[EventDate "2007.07.13"]
[EventType "swiss"]
[EventRounds "9"]
[EventCountry "ESP"]
[SourceTitle "CBM 119 Extra"]
[Source "ChessBase"]
[SourceDate "2007.09.04"]
[SourceVersion "1"]
[SourceVersionDate "2007.09.04"]
[SourceQuality "1"]

1. d4 b5 2. e4 Bb7 3. Bd3 e6 4. Nf3 a6 5. 0-0 Nf6 6. Re1 Be7 7. c3 d5 8. Nbd2 c5 9. e5 Nfd7 10. a3 c4 11. Bc2 Nc6 12. Rf1 Nb6 13. Ne1 h5 14. f4 g6 15. Ndf3 a5 16. Be3 b4 17. axb4 axb4 18. Rxa8 Qxa8 19. Ng5 Bxg5 20. fxg5 b3 21. Bb1 Nd8 22. Nf3 Nc8 23. Nh4 Ne7 24. Qf3 Nf5 25. Qf2 Qa6 26. g3 Kd7 27. Ng2 Ne7 28. Bd2 Nc8 29. h4 Kc7 30. Rc1 Kb8 31. Ne3 Bc6 32. Nd1 Re8 33. Be3 Re7 34. Kg2 Ra7 35. Kh3 Qb7 36. g4 hxg4+ 37. Kxg4 Be8 38. Qf6 Ne7 39. h5 gxh5+ 40. Kxh5 Kc8 41. Kg4 Nf5 42. Kf4 Nc6 43. Bxf5 exf5 44. Qxf5+ Kd8 45. Bf2 Ne7 46. Qh3 Ng6+ 47. Kf3 Bd7 48. Qh7 Bf5 49. Qg8+ Ke7 50. Kg3 Ra2 51. Qg7 Qa6 52. Be3 Nf8 53. Bf4 Qg6 54. Qf6+ Qxf6 55. gxf6+ Ke6 56. Bh6 Nd7 57. Kf4 Be4 58. Ke3 Nb6 59. Bf8 Na4 60. Ba3 Bg6 61. Kf4 Bh5 62. Kg5 Bxd1 63. Rxd1 Rxa3 64. bxa3 Nxc3 0-1

[Event "Sitges op 32nd"]
[Site "Sitges"]
[Date "2006.07.28"]
[Round "8"]
[White "Alcazar Pascual, Lluis"]
[Black "Buchenau, Frank"]
[Result "0-1"]
[WhiteElo "1904"]
[BlackElo "2309"]
[PlyCount "60"]
[EventDate "2006.07.21"]
[EventType "swiss"]
[EventRounds "9"]
[EventCountry "ESP"]
[SourceTitle "CBM 113 Extra"]
[Source "ChessBase"]
[SourceDate "2006.09.14"]
[SourceVersion "1"]
[SourceVersionDate "2006.09.14"]
[SourceQuality "1"]

1. d4 e6 2. Bf4 c5 3. e3 Qb6 4. Nc3 Nf6 5. a3 cxd4 6. exd4 d6 7. Nf3 Be7 8. h3 0-0 9. Be2 Rd8 10. 0-0 Bd7 11. b4 Be8 12. Bd3 a6 13. Ne2 d5 14. Nd2 Bb5 15. Nb3 Bxd3 16. cxd3 Nc6 17. Rb1 Ne8 18. Nc5 Nd6 19. a4 Nf5 20. a5 Qa7 21. Bc7 Rdc8 22. Bb6 Qb8 23. Nd7 Qd6 24. Nc5 Rab8 25. Na4 Bf6 26. b5 axb5 27. Rxb5 Ncxd4 28. Nxd4 Nxd4 29. Bxd4 Bxd4 30. Rb6 Bxb6 0-1